000 00600nam a2200181Ia 4500
008 100921s9999 xx 000 0 und d
082 _b23480
_a891.463 थ 90
100 _aदेवधर ज्योत्स्ना.
245 _aसमास.
260 _bमॅजेस्टीक बुक स्टॉल,मुंबई.
_c1990
300 _a163
_bभावे पुस्तक भांडार,पुणे
365 _b50
520 _aललित-कथा.
630 _aसमास.
650 _aललित-कथा.
730 _aसमास.
942 _cBOOK
999 _c772593
_d772590